| 000 | 00398nam a2200133Ia 4500 | ||
|---|---|---|---|
| 008 | 230215s9999||||xx |||||||||||||| ||und|| | ||
| 020 | _a9789386668455 | ||
| 082 | _a428.5 KUM | ||
| 100 |
_aKumar, Rajesh and et.al. _914443 |
||
| 245 | 0 | _aEnglish language communication skills lab manual cum work book | |
| 260 |
_aNew Delhi _bCengage _c2019 |
||
| 300 |
_aXVIII, 299p. _b250 |
||
| 650 | _aGeneral Books | ||
| 999 |
_c194420 _d194420 |
||